| 000 | 00704nam a2200205 i 4500 | ||
|---|---|---|---|
| 001 | 135231 | ||
| 003 | ES-MaACL | ||
| 005 | 20260202063017.0 | ||
| 007 | t| | ||
| 008 | 191017s1954 sp ||||1| spa d | ||
| 100 | 1 |
_aLoyarte, Adrián de, _d1885-1962 _974399 |
|
| 245 | 1 | 3 |
_aLa vida de la ciudad de San Sebastián : 1900- 1950. _n6, _pFiguras y costumbres / Adrián de Loyarte. |
| 260 |
_aSan Sebastian : _b[s.n.], _c1954. |
||
| 300 |
_a1 v. : _bil. ; _c22 cm. |
||
| 490 | 1 |
_aObras de Adrián de Loyarte ; _v43 |
|
| 651 | 4 |
_aSan Sebastián- _zUsos y costumbres. _9168542 |
|
| 830 | 0 |
_aObras de Adrián de Loyarte ; _v43 _9219905 |
|
| 852 |
_aES-MaACL _jP-1018 |
||
| 999 |
_c135231 _d135231 |
||